[Event "BUL-chT GpA 63rd"]
[Site "Sunny Beach"]
[Date "2013.09.24"]
[Round "6.6"]
[White "Ganchev, Georgi"]
[Black "Badev, Kiril"]
[Result "1/2-1/2"]
[WhiteElo "2292"]
[BlackElo "2343"]
[PlyCount "113"]
[EventDate "2013.09.19"]
[EventType "team-tourn"]
[EventRounds "7"]
[EventCountry "BUL"]
[SourceTitle "CBM 156 Extra"]
[Source "ChessBase"]
[SourceDate "2013.10.22"]
[SourceVersion "1"]
[SourceVersionDate "2013.10.22"]
[SourceQuality "1"]
[WhiteTeam "Plovdiv Lokomotiv 2000"]
[BlackTeam "Radnevo Maritsa Iztok"]
[WhiteTeamCountry "BUL"]
[BlackTeamCountry "BUL"]

1. d4 Nf6 2. Nf3 d5 3. g3 g6 4. Bg2 Bg7 5. 0-0 0-0 6. c4 c6 7. Nbd2 Bf5 8. b4 a5 9. bxa5 Qxa5 10. Nb3 Qa7 11. cxd5 cxd5 12. a4 Rc8 13. Nc5 Nc6 14. Ba3 b6 15. Nb3 Ne4 16. Nh4 e6 17. Nxf5 exf5 18. Qd3 Na5 19. Nxa5 Qxa5 20. Rfb1 Qxa4 21. Bb2 Qc4 22. Rxa8 Rxa8 23. Rc1 Qb4 24. Bxe4 fxe4 25. Qb1 Bxd4 26. Bxd4 Qxd4 27. e3 Qf6 28. h4 h5 29. Kg2 Kg7 30. Qb3 Ra5 31. Rb1 Rc5 32. Qxb6 Rc2 33. Qxf6+ Kxf6 34. Rb6+ Ke5 35. Rb7 Ke6 36. Rb6+ Kd7 37. Rb7+ Rc7 38. Rb6 Rc6 39. Rb7+ Ke6 40. Rb4 Ke5 41. Rb5 f6 42. Ra5 g5 43. hxg5 fxg5 44. Ra8 Kf5 45. Rh8 Kg4 46. Rd8 Rc5 47. Rd7 h4 48. gxh4 gxh4 49. Rg7+ Kf5 50. Rh7 Rc2 51. Rxh4 d4 52. exd4 e3 53. Kf1 Rxf2+ 54. Ke1 Rd2 55. d5 Rxd5 56. Ke2 Rd2+ 57. Kxe3 1/2-1/2

[Event "BUL-chT"]
[Site "Plovdiv"]
[Date "2003.11.07"]
[Round "4"]
[White "Ganchev, Georgi"]
[Black "Tashkov, Rumen"]
[Result "0-1"]
[WhiteElo "2329"]
[BlackElo "2253"]
[PlyCount "96"]
[EventDate "2003.11.??"]
[EventType "team"]
[EventRounds "9"]
[EventCountry "BUL"]
[SourceTitle "CBM 097 Extra"]
[Source "ChessBase"]
[SourceDate "2004.01.13"]
[SourceVersion "1"]
[SourceVersionDate "2004.01.13"]
[SourceQuality "1"]

1. Nf3 Nf6 2. g3 g6 3. Bg2 Bg7 4. 0-0 0-0 5. c4 d6 6. Nc3 c6 7. Rb1 e5 8. d3 Re8 9. b4 d5 10. Bg5 h6 11. Bxf6 Bxf6 12. cxd5 cxd5 13. e4 dxe4 14. dxe4 Bg4 15. Qxd8 Bxd8 16. Nd5 Nc6 17. Rfc1 Bxf3 18. Bxf3 Nd4 19. Bd1 Re6 20. Kg2 Rc6 21. Ba4 Rd6 22. Rc5 b6 23. Rc3 b5 24. Bb3 Kg7 25. Rbc1 a5 26. Rc8 Rxc8 27. Rxc8 axb4 28. Rb8 Rd7 29. f3 Be7 30. Re8 Bd6 31. f4 exf4 32. e5 f3+ 33. Kf1 Nxb3 34. Nf6 Nd2+ 35. Ke1 f2+ 36. Kxf2 Ne4+ 37. Nxe4 Be7 38. h4 f5 39. exf6+ Bxf6 40. Re6 Bd4+ 41. Ke2 Ra7 42. Kd3 Ba1 43. Rb6 Ra3+ 44. Kc2 Rxa2+ 45. Kb1 Re2 46. Rb7+ Kf8 47. Nd6 Be5 48. Nxb5 b3 0-1

[Event "Regionalliga SO 0203"]
[Site "Bayern"]
[Date "2003.02.09"]
[Round "6.2"]
[White "Ganchev, Georgi"]
[Black "Haas, Josef"]
[Result "1-0"]
[WhiteElo "2324"]
[BlackElo "2038"]
[PlyCount "79"]
[EventDate "2002.10.20"]
[EventType "team"]
[EventRounds "9"]
[EventCountry "GER"]
[SourceTitle "EXT 2004"]
[Source "ChessBase"]
[SourceDate "2003.11.25"]
[SourceVersion "1"]
[SourceVersionDate "2003.11.25"]
[SourceQuality "1"]
[WhiteTeam "Trostberg"]
[BlackTeam "Vogtareuth"]
[WhiteTeamCountry "GER"]
[BlackTeamCountry "GER"]

1. Nf3 f5 2. g3 Nf6 3. Bg2 g6 4. 0-0 Bg7 5. c4 0-0 6. d4 d6 7. Nc3 Qe8 8. b4 c6 9. Qb3 h6 10. Bb2 Na6 11. d5 e5 12. dxc6 bxc6 13. Rad1 e4 14. Nd4 Rb8 15. a3 Rf7 16. Qa4 c5 17. Ndb5 cxb4 18. axb4 Bf8 19. Qa5 Nxb4 20. Nxd6 Bxd6 21. Rxd6 Nc6 22. Qa1 Kh7 23. Rfd1 Bb7 24. Nd5 Nxd5 25. cxd5 Ne7 26. Be5 Ra8 27. f3 exf3 28. Bxf3 Qb5 29. Qd4 Ng8 30. h4 Re8 31. Rd2 Rfe7 32. Bh8 Rf7 33. Re6 Rd8 34. h5 g5 35. g4 Ne7 36. Bf6 Rd7 37. Bxe7 Rdxe7 38. gxf5 Qb1+ 39. Rd1 Qb6 40. Rxb6 1-0

[Event "Regionalliga SO 0203"]
[Site "Bayern"]
[Date "2003.01.26"]
[Round "5.2"]
[White "Wippich, Markus"]
[Black "Ganchev, Georgi"]
[Result "0-1"]
[WhiteElo "2043"]
[BlackElo "2324"]
[PlyCount "80"]
[EventDate "2002.10.20"]
[EventType "team"]
[EventRounds "9"]
[EventCountry "GER"]
[SourceTitle "EXT 2004"]
[Source "ChessBase"]
[SourceDate "2003.11.25"]
[SourceVersion "1"]
[SourceVersionDate "2003.11.25"]
[SourceQuality "1"]
[WhiteTeam "Straubing"]
[BlackTeam "Trostberg"]
[WhiteTeamCountry "GER"]
[BlackTeamCountry "GER"]

1. d4 Nf6 2. Nf3 e6 3. e3 b6 4. Bd3 Bb7 5. Nbd2 d5 6. Ne5 Be7 7. 0-0 0-0 8. f4 c5 9. c3 Ne4 10. Nxe4 dxe4 11. Bc2 f6 12. Ng4 c4 13. b3 b5 14. a4 a6 15. b4 a5 16. Ba3 axb4 17. Bxb4 Bxb4 18. cxb4 bxa4 19. Rxa4 Nd7 20. Qa1 Rxa4 21. Bxa4 Nb6 22. Bc2 Qc7 23. Qb1 Qc6 24. b5 Qd5 25. Nf2 f5 26. Nd1 Qd6 27. Qb2 Ra8 28. Nc3 Qa3 29. Rb1 Qxb2 30. Rxb2 Ra3 31. Nd1 Bd5 32. Bb1 c3 33. Rb4 Bc4 34. Kf2 Bd3 35. Ke1 Bxb1 36. Rxb1 c2 37. Rc1 cxd1Q+ 38. Kxd1 Rb3 39. Rc6 Rxb5 40. Rxe6 Nc4 0-1

[Event "BUL-chT"]
[Site "Borovetz"]
[Date "2002.09.24"]
[Round "6"]
[White "Ganchev, Georgi"]
[Black "Stefanov, Krasimir"]
[Result "1-0"]
[WhiteElo "2312"]
[BlackElo "2362"]
[PlyCount "73"]
[EventDate "2002.09.19"]
[EventType "team-tourn"]
[EventRounds "7"]
[EventCountry "BUL"]
[SourceTitle "EXT 2006"]
[Source "ChessBase"]
[SourceDate "2005.11.24"]
[SourceVersion "1"]
[SourceVersionDate "2005.11.24"]
[SourceQuality "1"]

1. Nf3 c5 2. g3 Nc6 3. Bg2 e5 4. d3 Nf6 5. c4 d5 6. cxd5 Nxd5 7. 0-0 Be7 8. b3 Bf6 9. Bb2 e4 10. Bxf6 Qxf6 11. dxe4 Ne3 12. e5 Nxe5 13. fxe3 Nxf3+ 14. Bxf3 Qxa1 15. Qd6 Bd7 16. Bxb7 Rd8 17. Qxc5 f6 18. Nc3 Qb2 19. Rb1 Qd2 20. Rd1 Qb2 21. Bc6 Bxc6 22. Qxc6+ Kf7 23. Qc7+ Ke6 24. Rxd8 Rxd8 25. Qxd8 Qxc3 26. Kf2 Qa1 27. Qg8+ Ke5 28. Qxg7 Qxa2 29. Qxh7 a5 30. g4 Qxb3 31. Qe7+ Qe6 32. Qxe6+ Kxe6 33. Ke1 Kd5 34. Kd2 Kc4 35. Kc2 a4 36. h4 a3 37. h5 1-0

[Event "BUL-chT"]
[Site "Borovetz"]
[Date "2002.09.21"]
[Round "3"]
[White "Georgiev, Veselin"]
[Black "Ganchev, Georgi"]
[Result "1-0"]
[WhiteElo "2303"]
[BlackElo "2312"]
[PlyCount "63"]
[EventDate "2002.09.19"]
[EventType "team-tourn"]
[EventRounds "7"]
[EventCountry "BUL"]
[SourceTitle "EXT 2006"]
[Source "ChessBase"]
[SourceDate "2005.11.24"]
[SourceVersion "1"]
[SourceVersionDate "2005.11.24"]
[SourceQuality "1"]

1. e4 d6 2. d4 Nf6 3. Nc3 g6 4. f4 Bg7 5. Nf3 0-0 6. Bd3 Bg4 7. Be3 e5 8. fxe5 dxe5 9. d5 c6 10. h3 Bxf3 11. Qxf3 cxd5 12. exd5 e4 13. Bxe4 Nxe4 14. Nxe4 Re8 15. 0-0 Qe7 16. Rae1 f5 17. Nc5 Nd7 18. Bf2 Ne5 19. Qb3 b6 20. Ne6 Qd6 21. Bg3 Rxe6 22. dxe6 Re8 23. Re2 Rxe6 24. Rfe1 f4 25. Bxf4 Qd4+ 26. Kh1 Qxf4 27. Qxe6+ Nf7 28. Re4 Qf2 29. Qc4 b5 30. Qxb5 Qxc2 31. Re8+ Bf8 32. Qb4 1-0

[Event "BUL-chT"]
[Site "Borovetz"]
[Date "2002.09.19"]
[Round "1"]
[White "Dobrev, Nanko"]
[Black "Ganchev, Georgi"]
[Result "0-1"]
[WhiteElo "2362"]
[BlackElo "2312"]
[PlyCount "56"]
[EventDate "2002.09.19"]
[EventType "team-tourn"]
[EventRounds "7"]
[EventCountry "BUL"]
[SourceTitle "EXT 2006"]
[Source "ChessBase"]
[SourceDate "2005.11.24"]
[SourceVersion "1"]
[SourceVersionDate "2005.11.24"]
[SourceQuality "1"]

1. d4 Nf6 2. Nf3 c5 3. d5 b5 4. c4 Bb7 5. Nc3 b4 6. Na4 d6 7. Qc2 g6 8. e4 Nbd7 9. b3 Bg7 10. Bb2 Qc7 11. Be2 0-0 12. h4 e5 13. dxe6 Bxe4 14. exf7+ Rxf7 15. Qd2 Bxf3 16. Bxf3 Re8+ 17. Kf1 Ne5 18. Bxe5 dxe5 19. Bd5 Nxd5 20. Qxd5 e4 21. Re1 Bd4 22. Re2 Re5 23. Qa8+ Rf8 24. Qxf8+ Kxf8 25. h5 Rf5 26. g4 Rf3 27. Nb2 Bxb2 28. Rxb2 Qf4 0-1